An essay towards the recovery of the Jewish measures & weights, : comprehending their monies; by help of ancient standards, compared with ours of England. Useful also to state many of those of the Greeks and Romans, and the eastern nations. /

Bibliographic Details
Main Author: Cumberland, Richard, 1631-1718
Format: eBook
Language:English
Published: London: : Printed by Richard Chiswell, printer to the Royal Society, at the Rose and Crown in St· Paul's Church-Yard., MDCLXXXVI. [1686]
Series:Early English books online.
Subjects:
Online Access:Connect to the full text of this electronic book

MARC

Tag First Indicator Second Indicator Subfields
LEADER 00000nam a2200000 4500
001 in00004187708
005 20200806080118.0
006 m g d
007 cr bn |||a|bb|
008 850413s1686 enk o 00 eng d
035 |a (UnM)99882818 
037 |a CL2105000002  |b ProQuest Information and Learning. 300 N. Zeeb Rd., Ann Arbor, MI 48106 
040 |a Cu-RivES  |c Cu-RivES  |d DCFG  |d CStRLIN  |d Cu-RivES  |e dcrb 
100 1 |a Cumberland, Richard,  |d 1631-1718. 
245 1 3 |a An essay towards the recovery of the Jewish measures & weights, :  |b comprehending their monies; by help of ancient standards, compared with ours of England. Useful also to state many of those of the Greeks and Romans, and the eastern nations. / 
260 |a London: :  |b Printed by Richard Chiswell, printer to the Royal Society, at the Rose and Crown in St· Paul's Church-Yard.,  |c MDCLXXXVI. [1686] 
300 |a 1 online resource ([1]+ pages) 
336 |a text  |b txt  |2 rdacontent 
337 |a computer  |b c  |2 rdamedia 
338 |a online resource  |b cr  |2 rdacarrier 
500 |a Fragment: title page only. 
500 |a Reproduction of original in the British Library. 
510 4 |a Wing (CD-Rom, 1996)  |c C7581 
510 4 |a Early English books tract supplement interim guide  |c Harl.5987[56] 
533 |a Electronic reproduction.  |b Ann Arbor, Mich. :  |c UMI,  |d 1999-  |f (Early English books online)  |n Digital version of: (Early English books, Tract supplement ; E3:4[56])  |7 s1999 miun s 
650 0 |a Weights and measures, Jewish  |v Early works to 1800. 
650 0 |a Weights and measures, Medieval  |v Early works to 1800. 
655 0 |a Title pages  |z England  |y 17th century. 
830 0 |a Early English books online. 
856 4 0 |u http://proxy.library.tamu.edu/login?url=https://search.proquest.com/docview/2248522558  |z Connect to the full text of this electronic book  |t 0 
999 f f |s 7ec47844-94f5-318b-a7bb-0c07ec051945  |i 9c3c7266-6f99-3bba-83ee-1fe3c43c7e5d  |t 0 
952 f f |a Texas A&M University  |b College Station  |c Electronic Resources  |d Available Online  |t 0  |h No information provided 
998 f f |t 0  |l Available Online